Normal view
MARC view
- Mandjes, Michel.
Entry Personal Name
001 - CONTROL NUMBER
- control field: 8676
003 - CONTROL NUMBER IDENTIFIER
- control field: NUST
005 - DATE AND TIME OF LATEST TRANSACTION
- control field: 20180118120742.0
008 - FIXED-LENGTH DATA ELEMENTS
- fixed length control field: 180118|| aca||aabn | a|a d
040 ## - CATALOGING SOURCE
- Original cataloging agency: NUST
- Transcribing agency: NUST
100 ## - HEADING--PERSONAL NAME
- Personal name: Mandjes, Michel.
670 ## - SOURCE DATA FOUND
- Source citation: Work cat.: (NUST)30109: Mandjes, Michel., Large deviations for gaussian queues :, 2007.
